Estates Gazette (Record no. 108600)
[ view plain ]
| 000 -LEADER | |
|---|---|
| fixed length control field | 01725cam a22002415a 4500 |
| 001 - CONTROL NUMBER | |
| control field | L144726 |
| 008 - FIXED-LENGTH DATA ELEMENTS--GENERAL INFORMATION | |
| fixed length control field | 080806e20080531xxkaco g 000 0 eng d |
| 035 ## - SYSTEM CONTROL NUMBER | |
| System control number | (Sirsi) u144726 |
| 041 0# - LANGUAGE CODE | |
| Language code of text/sound track or separate title | eng |
| 050 04 - LIBRARY OF CONGRESS CALL NUMBER | |
| Classification number | 920 $2 22 |
| 110 2# - MAIN ENTRY--CORPORATE NAME | |
| Corporate name or jurisdiction name as entry element | Estates Gazette |
| 9 (RLIN) | 298 |
| 245 00 - TITLE STATEMENT | |
| Title | Estates Gazette |
| Remainder of title | 150 years |
| 260 ## - PUBLICATION, DISTRIBUTION, ETC. | |
| Place of publication, distribution, etc. | London |
| Name of publisher, distributor, etc. | Estates Gazette |
| Date of publication, distribution, etc. | 2008 |
| 300 ## - PHYSICAL DESCRIPTION | |
| Extent | 169 p. |
| Other physical details | ill. |
| Dimensions | 30 cm |
| 490 #0 - SERIES STATEMENT | |
| Series statement | Estates Gazette |
| Volume/sequential designation | 31 May 2008 (special anniversary supplement) |
| 505 2# - FORMATTED CONTENTS NOTE | |
| Formatted contents note | Foreword -- Introduction -- History of Estates Gazette -- Property cycles -- Property law -- Agents' histories -- From the archives -- 1858-1879 London beginnings -- Transport -- 1880-1901 Disraeli to the death of Queen Victoria -- Social history -- 1902-1918 On the road to war -- First world war -- 1919-1945 War's end to war's end -- Second world war -- 1946-1963 Rebuilding Britain -- Housing -- 1964-1978 Wilson to Thatcher -- Personalities -- 1979-2008 Thatcher to Brown |
| 520 ## - SUMMARY, ETC. | |
| Summary, etc. | Celebrates the 150th anniversary of Estates Gazette jounal. Presents the history of Estate Gazette from 1858 to 2008 in seven chronological sections. Develops all the themes exceeding these time periods in six smaller chapters: transport, social history, First world war, Second world war, housing, and personalities. Reports the main events of the last 150 years and how they affect the property market. Examines the history of property law. Provides the history of the property sector through a list and presentation of 45 property firms, taken from the Estate Gazette Top Agents' list. |
| 521 ## - TARGET AUDIENCE NOTE | |
| Target audience note | Advanced |
| 590 ## - LOCAL NOTE (RLIN) | |
| Local note | KA |
| 651 #4 - SUBJECT ADDED ENTRY--GEOGRAPHIC NAME | |
| Geographic name | England and Wales |
| Chronological subdivision | 1543- |
| 690 ## - LOCAL SUBJECT ADDED ENTRY--TOPICAL TERM (OCLC, RLIN) | |
| Topical term or geographic name as entry element | PROPERTY-COMMERCIAL PROPERTY-COMMERCIAL PROPERTY MARKET |
| 942 ## - ADDED ENTRY ELEMENTS (KOHA) | |
| Suppress in OPAC | 0 |
| Withdrawn status | Lost status | Source of classification or shelving scheme | Damaged status | Not for loan | Home library | Current library | Shelving location | Date acquired | Total Checkouts | Full call number | Barcode | Date last seen | Copy number | Price effective from | Koha item type |
|---|---|---|---|---|---|---|---|---|---|---|---|---|---|---|---|
| Dewey Decimal Classification | London | London | Journal article | 06/08/2008 | L144726 | 920 EST | 06/08/2019 | 1 | 06/08/2019 | Reference material | |||||
| Dewey Decimal Classification | London | London | Books | 05/02/2009 | L144726 | 30071166 | 06/08/2019 | 2 | 06/08/2019 | Book |